000 00494nam a2200193Ia 4500
005 20250508163402.0
008 008 250505s9999 xx 000 0 eng d
037 _aTextual
040 _aFEDL
_beng
_cFEDL
041 _aeng
_2eng
084 _a370, AUR
_qFEDL
100 _aAurobindo
245 0 _aIntegral education
260 _aPondicherry, India
_bAditi Karyalya
_c1952
300 _a91p
650 _aEducation
942 _cTEXL
_h370, AUR
999 _c1382737
_d1382737